<?xml version="1.0" encoding="UTF-8"?><?xml-stylesheet type="text/xsl" href="static/style.xsl"?><OAI-PMH xmlns="http://www.openarchives.org/OAI/2.0/" xmlns:xsi="http://www.w3.org/2001/XMLSchema-instance" xsi:schemaLocation="http://www.openarchives.org/OAI/2.0/ http://www.openarchives.org/OAI/2.0/OAI-PMH.xsd"><responseDate>2026-04-17T20:43:25Z</responseDate><request verb="GetRecord" identifier="oai:riubu.ubu.es:10259/10008" metadataPrefix="marc">https://riubu.ubu.es/oai/request</request><GetRecord><record><header><identifier>oai:riubu.ubu.es:10259/10008</identifier><datestamp>2025-01-24T01:05:30Z</datestamp><setSpec>com_10259_4839</setSpec><setSpec>com_10259_5086</setSpec><setSpec>com_10259_2604</setSpec><setSpec>col_10259_4840</setSpec></header><metadata><record xmlns="http://www.loc.gov/MARC21/slim" xmlns:doc="http://www.lyncode.com/xoai" xmlns:xsi="http://www.w3.org/2001/XMLSchema-instance" xmlns:dcterms="http://purl.org/dc/terms/" xsi:schemaLocation="http://www.loc.gov/MARC21/slim http://www.loc.gov/standards/marcxml/schema/MARC21slim.xsd">
<leader>00925njm 22002777a 4500</leader>
<datafield tag="042" ind1=" " ind2=" ">
<subfield code="a">dc</subfield>
</datafield>
<datafield tag="720" ind1=" " ind2=" ">
<subfield code="a">Abella García, Víctor</subfield>
<subfield code="e">author</subfield>
</datafield>
<datafield tag="720" ind1=" " ind2=" ">
<subfield code="a">Delgado Benito, Vanesa</subfield>
<subfield code="e">author</subfield>
</datafield>
<datafield tag="720" ind1=" " ind2=" ">
<subfield code="a">Ausín Villaverde, Vanesa</subfield>
<subfield code="e">author</subfield>
</datafield>
<datafield tag="720" ind1=" " ind2=" ">
<subfield code="a">Hortigüela Alcalá, David</subfield>
<subfield code="e">author</subfield>
</datafield>
<datafield tag="260" ind1=" " ind2=" ">
<subfield code="c">2019</subfield>
</datafield>
<datafield tag="520" ind1=" " ind2=" ">
<subfield code="a">Microblogging networks can potentially increase reflection, learning, and collaboration among undergraduate students. The purpose of this study is to investigate whether the use of Twitter can enhance perceived learning and promote critical thinking, collaborative learning, and active student roles. The participants, 202 undergraduate students, enrolled on three different degree courses, were studying educational technology course modules. A quantitative, transversal, and retrospective methodology with an ex post facto design was applied. The use of Twitter led to an increase in both perceived learning and critical thinking among the majority of students, and in collaborative aspects of the teaching-learning process, as well as in active student roles. Experience of Twitter and its use in an educational context has therefore contributed to enhancing the quality of learning and the teaching-learning process itself.</subfield>
</datafield>
<datafield tag="024" ind2=" " ind1="8">
<subfield code="a">1470-3297</subfield>
</datafield>
<datafield tag="024" ind2=" " ind1="8">
<subfield code="a">http://hdl.handle.net/10259/10008</subfield>
</datafield>
<datafield tag="024" ind2=" " ind1="8">
<subfield code="a">10.1080/14703297.2018.1444503</subfield>
</datafield>
<datafield tag="024" ind2=" " ind1="8">
<subfield code="a">1470-3300</subfield>
</datafield>
<datafield ind1=" " ind2=" " tag="653">
<subfield code="a">Perceived learning</subfield>
</datafield>
<datafield ind1=" " ind2=" " tag="653">
<subfield code="a">Twitter</subfield>
</datafield>
<datafield ind1=" " ind2=" " tag="653">
<subfield code="a">Microblogging</subfield>
</datafield>
<datafield ind1=" " ind2=" " tag="653">
<subfield code="a">Active learning</subfield>
</datafield>
<datafield ind1=" " ind2=" " tag="653">
<subfield code="a">Higher education</subfield>
</datafield>
<datafield tag="245" ind1="0" ind2="0">
<subfield code="a">To tweet or not to tweet: Student perceptions of the use of Twitter on an undergraduate degree course</subfield>
</datafield>
</record></metadata></record></GetRecord></OAI-PMH>